Taller de lengua: de la oralidad a la lectura y a la escritura

Αποθηκεύτηκε σε:
Λεπτομέρειες βιβλιογραφικής εγγραφής
Κύριος συγγραφέας: Actis, Beatriz (Συγγραφέας)
Μορφή: Βιβλίο
Γλώσσα:Ισπανικά
Έκδοση: Santa Fe Homo Sapiens 2003
Έκδοση:1a. ed
Θέματα:
Ετικέτες: Προσθήκη ετικέτας
Δεν υπάρχουν, Καταχωρήστε ετικέτα πρώτοι!

MARC

LEADER 00000nam a2200000 a 4500
001 UCL8994
003 CL-VaPUC
008 040716e20030000AG |||||||||||||||||spa|d
020 |a 9508083689 
082 0 4 |a 401.93  |b ACT  |2 21 
100 0 |a Actis, Beatriz  |e author  |9 486868 
245 1 0 |a Taller de lengua: de la oralidad a la lectura y a la escritura 
250 |a 1a. ed 
300 |a 156 p 
942 |c BK 
945 |d 20040716 00:00:00  |a cmena 
260 |a Santa Fe  |b Homo Sapiens  |c 2003 
650 0 |a Adquisición del lenguaje   |9 309032 
650 0 |a Psicolingüística   |9 283371 
650 7 |a EDUCACION LENGUAJE  |2 CL-VaPUC  |9 486869 
650 0 |a Lenguaje oral   |9 354612 
650 0 |a Comprensión de lectura  |9 307588 
583 |a last modification  |c 20040716 00:00:00  |k Rodrigo Vera 
999 |c 309994  |d 309992 
952 |0 0  |1 0  |4 0  |6 401_930000000000000_ACT_2003  |7 0  |8 A  |9 377995  |a BIBEDU  |b BIBEDU  |d 2019-11-21  |i 4036859  |o 401.93 ACT 2003  |p 4036859  |r 2019-11-21  |w 2019-11-21  |y BK  |k EBA 
952 |0 0  |1 0  |4 0  |6 401_930000000000000_ACT_2003  |7 0  |8 A  |9 377996  |a BIBEDU  |b BIBEDU  |d 2019-11-21  |i 456359K  |o 401.93 ACT 2003  |p 456359K  |r 2019-11-21  |w 2019-11-21  |y BK  |k PAR